Movie Characters by Actors (Difficult) - Statistics

General Stats
  • This quiz has been taken 79 times
  • The average score is 9 of 15
Answer Stats
Hint Answer % Correct
Tyler, Rusty, Benjamin Brad Pitt
92%
Ethan, Jerry, Jack Tom Cruise
82%
Michael, Tony, Vincent Al Pacino
75%
Edward, Donnie, Jack Johnny Depp
73%
Vivian, Erin, Tess Julia Roberts
73%
Jack, Calvin, Jordan Leonardo DiCaprio
73%
Jim, Patrick, Bruce Christian Bale
70%
Lloyd, Bruce, Dick Jim Carrey
65%
Billy Ray, Axel, Akeem Eddie Murphy
63%
Max, Martin, William Mel Gibson
62%
Jules, Nick, Augustus Samuel L. Jackson
55%
Mathilda, Nina, Jane Natalie Portman
37%
John, Dutch, Trench Arnold Schwarzenegger
32%
Fenster, Javier, Alejandro Benicio DelToro
27%
James, Robin, Arthur Sean Connery
18%
No matching quizzes found
Score Distribution
Percent of People with Each Score
Percentile by Number Answered
Your Score History
You have not taken this quiz